| 000 | 01042nam0a22002411 4500 | ||
|---|---|---|---|
| 001 | rc\2929584 | ||
| 005 | 20250529230138.0 | ||
| 035 | _a(NLR Aleph) 007079170 | ||
| 090 |
_a6459146 _c6459146 |
||
| 100 | _a20110818d1939 |||y0rusy50 ca | ||
| 101 | 0 | _arus | |
| 102 | _aRU | ||
| 105 | _aa z ||||| | ||
| 200 | 1 |
_aВакуум насос типа ВО/50 _eОписание и руководство по монтажу и его эксплоатации _eСост. Техн. отд. з-да "Хлоратор" _fОтв. ред. - гл. инж. Кукуй _gНКМП УССР. Укр. трест коммун. оборудования |
|
| 210 |
_aХарьков _cЛитейно-механ. з-д "Хлоратор" _d1939 _g2 полиграф. ф-ка |
||
| 215 |
_a16 с. _cил. _d22 см |
||
| 702 | 1 |
_aКукуй _4340 |
|
| 712 | 0 | 2 |
_a"Хлоратор", литейно-механический завод _cХарьков _4570 |
| 801 | 0 |
_aRU _bNLR _gpsbo |
|
| 801 | 1 |
_aRU _bELAR _2rusmarc |
|
| 852 |
_aNLR _j39-11/1133 |
||
| 942 | _cBOOK | ||
| 980 | _aNB | ||